000 01398cam a22001934a 4500
005 20250605164028.0
008 250528s ||||||||||||||||||||||||d
035 _a16514
040 _aGR-AtMCL
_bgre
_dGR-AtMCL
_eAACR2
245 1 _aΒελτιώνω τα Νέα Ελληνικά / Ασκήσεις Γραμματικής - Κείμενα - Ερωτήσεις Κατανόησης - Παραγωγή λέξεων - Κατάλογοι ανωμάλων ρημάτων - Απαντήσεις Ασκήσεων
260 _bΑθήνα,
_c1990
300 _a176
520 _aΠρόλογος, Εισαγωγή, Γενικές Ασκήσεις Γραμματικής και Λεξιλογίου, Ομάδες Ασκήσεων, Κατάλογος Βασικών Ανωμάλων Ρημάτων, Σύνθετα Ρήματα, Ρήματα, Κείμενα, Το Δένδρο, Η Γιαγιά μου η Αθήνα, Οι Εύζωνοι, Μια Κάποια Περίπτωση, Τελευταίο Ταξίδι στα Κύθηρα, Το Τρίτο Στεφάνι, Μεσηβρινή Ανάπαυση, Είναι Άρρωστος ο Πλανήτης μας; Δελτίο Καιρού, Κείμενα, Απαντήσεις.
700 1 _aΑσημακοπούλου Αλεξάνδρα
_92613
700 1 _aΨιλλοπούλου Αγγελική
_92614
942 _cBK
999 _c2008
_d2008